Catalog

Record Details

Catalog Search



Ivy and Bean #8 : no news is good news / by Annie ... Read More

Available copies

  • 1 of 1 copy available at LARL/NWRL Consortium.

Current holds

0 current holds with 1 total copy.

Show Only Available Copies
Location Call Number / Copy Notes Barcode Shelving Location Status Due Date
Hallock Public Library j BAR (Text) 35500005094956 Main Available -

Record details

  • ISBN: 9780811866934 (alk. paper)
  • ISBN: 0811866939 (alk. paper)
  • Physical Description: 127 p. : ill. ; 19 cm.
  • Publisher: San Francisco : Chronicle Books, c2011.

Content descriptions

Summary, etc.:
Ivy and Bean try to make money by writing a ... Read More
Target Audience Note:
006-010.
Subject: Ivy (Fictitious character : Barrows) > Juvenile fiction.
Bean (Fictitious character : Barrows) > Juvenile fiction.
Best friends > Juvenile fiction.
Neighbors > Juvenile fiction.
Newspapers > Juvenile fiction.
Money-making projects for children > Juvenile fiction.
Best friends > Fiction.
Friendship > Fiction.
Moneymaking projects > Fiction.
Newspapers > Fiction.
Neighbors > Fiction.
LDR 02398cam a22005658a 4500
001139228
003LARL_NWRL_CONSORTIUM
00520120206085314.0
008101202s2011 caua b 000 1 eng c
019 . ‡a761942193
020 . ‡a9780811866934 (alk. paper)
020 . ‡a0811866939 (alk. paper)
0240 . ‡a9781452107813
035 . ‡a(OCoLC)690585584 ‡z(OCoLC)761942193
042 . ‡apcc ‡alcac
08200. ‡a[Fic] ‡222
08204. ‡a813.6 ‡a[Fic] ‡222
1001 . ‡aBarrows, Annie. ‡0(LARL_NWRL_CONSORTIUM)194580
24510. ‡aIvy and Bean ‡n#8 : ‡bno news is good news / ‡cby Annie Barrows + illustrated by Sophie Blackall.
2463 . ‡aIvy + Bean no news is good news
2463 . ‡aNo news is good news
260 . ‡aSan Francisco : ‡bChronicle Books, ‡cc2011.
300 . ‡a127 p. : ‡bill. ; ‡c19 cm.
4900 . ‡aIvy + Bean ; ‡vbk. 8
5211 . ‡a006-010.
520 . ‡aIvy and Bean try to make money by writing a newspaper about Pancake Court but the neighbors are not pleased to read about themselves.
650 0. ‡aIvy (Fictitious character : Barrows) ‡vJuvenile fiction.
650 0. ‡aBean (Fictitious character : Barrows) ‡vJuvenile fiction.
650 0. ‡aBest friends ‡vJuvenile fiction. ‡0(LARL_NWRL_CONSORTIUM)170952
650 0. ‡aNeighbors ‡vJuvenile fiction.
650 0. ‡aNewspapers ‡vJuvenile fiction.
650 0. ‡aMoney-making projects for children ‡vJuvenile fiction.
650 1. ‡aBest friends ‡vFiction. ‡0(LARL_NWRL_CONSORTIUM)168959
650 1. ‡aFriendship ‡vFiction. ‡0(LARL_NWRL_CONSORTIUM)164944
650 1. ‡aMoneymaking projects ‡vFiction.
650 1. ‡aNewspapers ‡vFiction.
650 1. ‡aNeighbors ‡vFiction. ‡0(LARL_NWRL_CONSORTIUM)173679
7001 . ‡aBlackall, Sophie, ‡eill. ‡0(LARL_NWRL_CONSORTIUM)121576
901 . ‡a139228 ‡bOCLC ‡c139228 ‡tbiblio

Additional Resources